00692nam a2200217 a 450000100060000000300080000600500170001400800410003103500190007204000350009104100080012608200220013410000290015624500640018525000110024926000590026030000250031950400360034465000340038065000600041462210BD-RjUL20211209081044.0170123s1957 lau b 001 0 eng d a(BD-RjUL)62335 aBD-RjULcBD-RjULdBD-RjULbeng aeng 223a809bHOF 19571 aHoffman, Frederick John.10aFreudianism and the literary mind /cFrederick John Hoffman a2d ed. aBaton Rouge :bLouisiana State University Press,c1957 axi, 350 p. ;c24 cm. aIncludes bibliography and index 0aPsychoanalysis and literature 0aLiterature, Moderny20th centuryxHistory and criticism